[Event "10th Sharjah Cup Women 2020"]
[Site "Sharjah"]
[Date "2020.01.04"]
[Round "1.23"]
[White "Mera Abdulaziz Aidarous"]
[Black "Babayan, Armine"]
[Result "0-1"]
[WhiteElo "1042"]
[BlackElo "2186"]
[Annotator "ChessBase"]
[PlyCount "54"]
[EventDate "2020.01.04"]
[EventType "swiss"]
[EventCountry "UAE"]
[SourceTitle "playchess.com"]
[Source "ChessBase"]
[SourceQuality "1"]
[TimeControl "5400+30"]

1. e4 {[%emt 0:00:00]} c5 {[%emt 0:00:00]} 2. Nf3 {[%emt 0:00:00]} Nc6 {[%emt 0:00:00]} 3. c3 {[%emt 0:00:00]} e6 {[%emt 0:00:00]} 4. d4 {[%emt 0:00:12]} d5 {[%emt 0:00:00]} 5. e5 {[%emt 0:00:49]} Nge7 {[%emt 0:00:08]} 6. Be2 {[%emt 0:00:44]} Ng6 {[%emt 0:00:21]} 7. Be3 {[%emt 0:01:04]} c4 {[%emt 0:00:44]} 8. Nbd2 {[%emt 0:00:15]} Rb8 {[%emt 0:00:40]} 9. O-O {[%emt 0:00:31]} Be7 10. Re1 {[%emt 0:00:33]} O-O {[%emt 0:01:06]} 11. Bf1 {[%emt 0:02:37]} b5 {[%emt 0:00:25]} 12. Rb1 {[%emt 0:01:19]} b4 13. g3 {[%emt 0:01:10]} Bd7 {[%emt 0:02:29]} 14. Bg2 {[%emt 0:02:24]} Qa5 {[%emt 0:00:16]} 15. Qc1 {[%emt 0:00:56]} bxc3 {[%emt 0:01:12]} 16. Qxc3 {[%emt 0:01:03]} Qxa2 {[%emt 0:00:34]} 17. Nf1 {[%emt 0:05:45]} Bb4 {[%emt 0:02:32]} 18. Qc2 {[%emt 0:02:14]} Bxe1 {[%emt 0:00:12]} 19. Nxe1 {[%emt 0:00:15]} Rb6 {[%emt 0:00:50]} 20. Nd2 {[%emt 0:04:32]} Rfb8 {[%emt 0:00:19]} 21. b3 {[%emt 0:04:01]} Qxc2 {[%emt 0:02:03]} 22. Nxc2 {[%emt 0:00:15]} c3 {[%emt 0:01:15]} 23. Nf3 {[%emt 0:00:47]} Rxb3 {[%emt 0:00:08]} 24. Rc1 {[%emt 0:01:09]} Rb1 {[%emt 0:00:09]} 25. Rxb1 {[%emt 0:00:18]} Rxb1+ {[%emt 0:00:04]} 26. Bf1 {[%emt 0:00:12]} Nb4 {[%emt 0:00:26]} 27. Nxb4 {[%emt 0:00:43]} Bb5 {[%emt 0:00:55]} 0-1

[Event "10th Sharjah Cup Women 2020"]
[Site "Sharjah"]
[Date "2020.01.05"]
[Round "2.1"]
[White "Bulmaga, Irina"]
[Black "Boshra, Alshaeby"]
[Result "1-0"]
[WhiteElo "2446"]
[BlackElo "1979"]
[Annotator "TA"]
[PlyCount "57"]
[EventDate "2020.01.04"]
[EventType "swiss"]
[EventCountry "UAE"]
[SourceTitle "playchess.com"]
[Source "ChessBase"]
[SourceQuality "1"]

{[%evp 17,64,47,41,21,48,49,61,61,53,59,49,66,115,113,127,122,127,126,127,116,125,114,138,118,143,96,102,97,110,99,113,64,71,56,50,44,49,94,491,485,2269,2218,1884,1657,1448,1027,29990,520,29993]} 1. e4 c5 2. Nf3 g6 3. d4 cxd4 4. Nxd4 Bg7 5. c4 Nc6 6. Be3 Nf6 7. Nc3 O-O 8. Be2 d6 9. O-O Bd7 10. Qd3 {B38: Sicilian: Maroczy Bind with 5...Bg7 and 7...0-0} (10. Qd2 Nxd4 11. Bxd4 Bc6 12. f3 a5 13. b3 Nd7 14. Be3 Nc5 15. Rab1 Be5 16. Rfd1 e6 17. Bd4 Qe7 18. Bf1 Rad8 19. Ne2 Qh4 20. Bxe5 dxe5 21. Qxa5 Nd3 22. Ng3 Ra8 23. Qc3 {0-1 (35) Karjakin,S (2754)-Savchenko,B (2577) Moscow 2019}) 10... Nxd4 11. Bxd4 a5 12. b3 {White is slightly better.} Bc6 13. a3 {[%cal Ba2a3,Ba3b4][%mdl 32]} Nd7 14. Bxg7 Nc5 $146 ({Predecessor:} 14... Kxg7 15. b4 axb4 16. axb4 Rxa1 17. Rxa1 Qb6 18. Rb1 Ne5 {1-0 (36) Aryan,C (2536)-Ahmad,A (2336) Abu Dhabi 2018}) 15. Qe3 Kxg7 {[#]} 16. b4 $1 {[%cal Rb4c5]} axb4 17. axb4 Ne6 18. f4 f6 19. h4 Nc7 20. h5 Qc8 21. hxg6 hxg6 22. f5 Rh8 23. Rxa8 Qxa8 24. b5 Bd7 25. b6 Na6 26. Nd5 $36 {[%cal Bc3d5,Bd5e7,Be7f5][%mdl 2080] White has the initiative.} Qd8 27. fxg6 Nc5 $2 {[%mdl 8192] [#]} (27... Bc6 $16 {is tougher.}) 28. e5 $1 $18 {[%cal Re5f6][%mdl 512] Hoping for exf6+.} Bc6 {[#]} (28... Rf8 $142 29. Rf4 Bc8 30. Nxe7 fxe5) (28... dxe5 29. Qxc5) 29. exf6+ {Played: Nd5xe7} 1-0

[Event "10th Sharjah Cup Women 2020"]
[Site "Sharjah"]
[Date "2020.01.05"]
[Round "2.2"]
[White "Dhyana Patel"]
[Black "Socko, Monika"]
[Result "1/2-1/2"]
[WhiteElo "1969"]
[BlackElo "2413"]
[Annotator "ChessBase"]
[PlyCount "82"]
[EventDate "2020.01.04"]
[EventType "swiss"]
[EventCountry "UAE"]
[SourceTitle "playchess.com"]
[Source "ChessBase"]
[SourceQuality "1"]
[TimeControl "5400+30"]

1. e4 {[%emt 0:00:00]} e5 {[%emt 0:00:00]} 2. Nf3 {[%emt 0:00:00]} Nc6 {[%emt 0:00:00]} 3. Bb5 {[%emt 0:00:08]} a6 {[%emt 0:00:00]} 4. Bxc6 {[%emt 0:00:12]} dxc6 {[%emt 0:00:00]} 5. O-O {[%emt 0:00:16]} Bd6 {[%emt 0:00:02]} 6. d4 {[%emt 0:00:54]} exd4 {[%emt 0:00:04]} 7. Qxd4 {[%emt 0:00:24]} f6 {[%emt 0:00:16]} 8. b3 {[%emt 0:01:59]} Be6 {[%emt 0:06:29]} 9. Bb2 {[%emt 0:01:36]} Qe7 {[%emt 0:05:12]} 10. e5 {[%emt 0:04:12]} Bc5 {[%emt 0:00:19]} 11. Qh4 {[%emt 0:02:49]} O-O-O {[%emt 0:03:08]} 12. Nbd2 {[%emt 0:03:41]} f5 {[%emt 0:02:48]} 13. Qxe7 {[%emt 0:02:24]} Nxe7 {[%emt 0:01:22]} 14. Rad1 {[%emt 0:01:35]} h6 {[%emt 0:00:27]} 15. Nb1 {[%emt 0:03:43]} Rxd1 {[%emt 0:04:36]} 16. Rxd1 {[%emt 0:00:02]} Rd8 {[%emt 0:00:05]} 17. Rxd8+ {[%emt 0:01:18]} Kxd8 {[%emt 0:00:01]} 18. Bd4 {[%emt 0:02:11]} Bxd4 {[%emt 0:00:10]} 19. Nxd4 {[%emt 0:00:02]} Kd7 {[%emt 0:00:03]} 20. Nc3 {[%emt 0:03:17]} c5 {[%emt 0:05:03]} 21. Nxe6 {[%emt 0:03:10]} Kxe6 {[%emt 0:00:02]} 22. f4 {[%emt 0:00:08]} Nc6 {[%emt 0:06:57]} 23. Ne2 {[%emt 0:01:24]} Nb4 {[%emt 0:04:52]} 24. c3 {[%emt 0:00:11]} Nxa2 {[%emt 0:02:25]} 25. Kf2 {[%emt 0:00:12]} b5 {[%emt 0:37:56]} 26. Ke3 {[%emt 0:00:16]} c4 {[%emt 0:06:06]} 27. b4 {[%emt 0:00:32]} Kd5 {[%emt 0:07:08]} 28. Kd2 {[%emt 0:00:53]} c5 {[%emt 0:00:02]} 29. bxc5 {[%emt 0:00:33]} b4 {[%emt 0:04:03]} 30. c6 {[%emt 0:01:34]} Kxc6 {[%emt 0:00:03]} 31. cxb4 {[%emt 0:00:19]} Nxb4 {[%emt 0:00:03]} 32. Nd4+ {[%emt 0:00:39]} Kd5 {[%emt 0:00:43]} 33. Nxf5 {[%emt 0:01:11]} g5 {[%emt 0:01:46]} 34. Ne3+ {[%emt 0:02:48]} Ke6 {[%emt 0:01:24]} 35. fxg5 {[%emt 0:00:23]} hxg5 {[%emt 0:00:13]} 36. Nxc4 {[%emt 0:03:01]} Nc6 {[%emt 0:00:03]} 37. Kc3 {[%emt 0:01:05]} Nxe5 {[%emt 0:00:03]} 38. Ne3 {[%emt 0:01:21]} Ng6 {[%emt 0:01:40]} 39. g3 {[%emt 0:00:35]} Ke5 {[%emt 0:00:50]} 40. h4 {[%emt 0:00:31]} gxh4 {[%emt 0:00:10]} 41. gxh4 {[%emt 0:00:05]} Nxh4 {[%emt 0:00:04]} 1/2-1/2

[Event "10th Sharjah Cup Women 2020"]
[Site "Sharjah"]
[Date "2020.01.05"]
[Round "2.3"]
[White "Sukandar, Irine Kharisma"]
[Black "Kyrkjebo, Hanna B."]
[Result "1-0"]
[WhiteElo "2402"]
[BlackElo "1963"]
[Annotator "TA"]
[PlyCount "71"]
[EventDate "2020.01.04"]
[EventType "swiss"]
[EventCountry "UAE"]
[SourceTitle "playchess.com"]
[Source "ChessBase"]
[SourceQuality "1"]

{[%evp 18,71,12,0,7,6,16,-2,28,22,42,31,55,41,51,34,41,13,34,35,51,32,27,27,27,26,25,-2,64,48,142,145,135,90,90,79,228,204,200,194,328,326,660,671,819,774,990,985,975,991,1227,1200,29989,29990,29997,29998]} 1. d4 Nf6 2. Bf4 e6 3. e3 c5 4. Nf3 Be7 5. h3 b6 6. Nbd2 Bb7 7. Bd3 d5 8. c3 O-O 9. O-O Nbd7 10. Qe2 Ne4 {D02: 1 d4 d5 2 Nf3 sidelines, including 2...Nf6 3 g3 and 2...Nf6 3 Bf4} 11. Rfd1 Ndf6 (11... a6 12. Bc2 Nxd2 13. Rxd2 c4 14. e4 dxe4 15. Bxe4 Bxe4 16. Qxe4 Nf6 {½-½ (16) Jovanic,O (2515)-Hovhannisyan,M (2462) Dublin 2019}) 12. Ne5 $146 ({Predecessor:} 12. dxc5 Nxc5 13. Rac1 Bd6 14. Bxd6 Qxd6 15. Nc4 Qe7 16. Nce5 Nxd3 17. Qxd3 Ne4 18. Qb5 {½-½ (32) Fuchs,H-Wiedmann,K Germany 1992}) 12... Qc8 {The position is equal.} 13. a4 {[%cal Ba2a4,Ba4a5][%mdl 32]} Rd8 14. a5 Nxd2 15. Rxd2 c4 16. Bc2 b5 17. Bg5 h6 18. Bh4 Re8 19. Qf3 Rf8 20. a6 {[#] aiming for Bxf6.} Bc6 $1 21. Rdd1 Qc7 22. g4 Rae8 ({Black should play} 22... Nd7 $1 $11 23. Nxc6 (23. Bxe7 Nxe5 24. dxe5 Qxe7 $11) 23... Bxh4) 23. g5 $36 {[%mdl 2048] Black is under pressure.} hxg5 (23... Nd7 $1 $14) 24. Bxg5 $16 Ne4 25. Bxe7 Rxe7 26. Qg2 Ree8 (26... Be8 $16 {was worth a try.}) 27. f3 Nd6 28. Kf2 f5 (28... f6 $142 29. Ng6 (29. Nxc6 Qxc6 30. Qg6 f5 $14) 29... b4) 29. Rg1 $18 Ba8 $2 (29... Re7 30. Qg5 Be8) 30. Qg6 Qe7 31. Qh5 Rf6 32. Ng6 Rxg6 33. Rxg6 Rf8 34. Rag1 {[#] Intending Rh6 and mate.} Ne8 35. Rh6 {[%csl Gh5][%cal Rh6h8]} g6 36. Rh8+ {Accuracy: White = 70%, Black = 17%.} 1-0

[Event "10th Sharjah Cup Women 2020"]
[Site "Sharjah"]
[Date "2020.01.05"]
[Round "2.4"]
[White "Shanya Mishra"]
[Black "Assaubayeva, Bibisara"]
[Result "0-1"]
[WhiteElo "1907"]
[BlackElo "2375"]
[Annotator "ChessBase"]
[PlyCount "64"]
[EventDate "2020.01.04"]
[EventType "swiss"]
[EventCountry "UAE"]
[SourceTitle "playchess.com"]
[Source "ChessBase"]
[SourceQuality "1"]
[TimeControl "5400+30"]

1. d4 {[%emt 0:00:00]} Nf6 {[%emt 0:00:00]} 2. c4 {[%emt 0:00:05]} g6 {[%emt 0:00:00]} 3. Nc3 {[%emt 0:00:22]} d5 {[%emt 0:00:00]} 4. cxd5 {[%emt 0:03:33]} Nxd5 {[%emt 0:00:03]} 5. Nf3 {[%emt 0:00:41]} Bg7 {[%emt 0:00:14]} 6. g3 {[%emt 0:00:35]} c5 {[%emt 0:02:19]} 7. Qb3 {[%emt 0:08:23]} Nxc3 {[%emt 0:01:38]} 8. bxc3 {[%emt 0:00:09]} cxd4 {[%emt 0:04:08]} 9. cxd4 {[%emt 0:06:00]} Nc6 {[%emt 0:01:07]} 10. Bb2 {[%emt 0:02:49]} Be6 {[%emt 0:03:35]} 11. Qa4 {[%emt 0:04:34]} Bd5 {[%emt 0:01:04]} 12. Bg2 {[%emt 0:04:12]} b5 {[%emt 0:00:20]} 13. Qc2 {[%emt 0:02:28]} Rc8 {[%emt 0:02:41]} 14. Rc1 {[%emt 0:36:04]} O-O {[%emt 0:01:29]} 15. Qd2 {[%emt 0:02:40]} Bxa2 {[%emt 0:07:29]} 16. O-O {[%emt 0:02:33]} Bd5 {[%emt 0:00:20]} 17. e3 {[%emt 0:06:33]} Qb6 {[%emt 0:05:21]} 18. Rc5 {[%emt 0:00:38]} Rfd8 {[%emt 0:03:45]} 19. Rfc1 {[%emt 0:01:54]} Bc4 {[%emt 0:02:26]} 20. Qe1 {[%emt 0:04:41]} Qxc5 {[%emt 0:12:29]} 21. dxc5 {[%emt 0:00:16]} Bxb2 {[%emt 0:00:02]} 22. Rb1 {[%emt 0:00:40]} Bf6 {[%emt 0:00:55]} 23. Bf1 {[%emt 0:01:02]} Bxf1 {[%emt 0:00:37]} 24. Kxf1 {[%emt 0:00:57]} b4 {[%emt 0:00:27]} 25. Rd1 {[%emt 0:00:58]} b3 {[%emt 0:00:56]} 26. e4 {[%emt 0:06:22]} Rxd1 {[%emt 0:01:09]} 27. Qxd1 {[%emt 0:00:06]} b2 {[%emt 0:00:07]} 28. Ke2 {[%emt 0:02:02]} Rd8 {[%emt 0:00:20]} 29. Qb1 {[%emt 0:00:06]} Bc3 {[%emt 0:00:47]} 30. Ng5 {[%emt 0:01:18]} h6 {[%emt 0:01:07]} 31. Nh3 {[%emt 0:01:03]} Nd4+ {[%emt 0:00:59]} 32. Ke3 {[%emt 0:01:26]} Nb3 {[%emt 0:01:32] Kd4} 0-1

[Event "10th Sharjah Cup Women 2020"]
[Site "Sharjah"]
[Date "2020.01.05"]
[Round "2.5"]
[White "Gong, Qianyun"]
[Black "Kyrkjebo, Marte B."]
[Result "1-0"]
[WhiteElo "2371"]
[BlackElo "1880"]
[Annotator "RC"]
[PlyCount "103"]
[EventDate "2020.01.04"]
[EventType "swiss"]
[EventCountry "UAE"]
[SourceTitle "playchess.com"]
[Source "ChessBase"]
[SourceQuality "1"]
[TimeControl "5400+30"]

1. Nf3 {[%emt 0:00:00]} Nf6 {[%emt 0:00:00]} 2. d4 {[%emt 0:00:00]} e6 {[%emt 0:00:00]} 3. Bf4 {[%emt 0:00:00]} c5 {[%emt 0:00:07]} 4. e3 {[%emt 0:00:00]} Be7 {[%emt 0:00:12]} 5. h3 {[%emt 0:00:25]} b6 {[%emt 0:00:37]} 6. Nc3 {[%emt 0:04:01]} O-O {[%emt 0:16:45]} 7. d5 {[%emt 0:06:04]} d6 {[%emt 0:08:03]} 8. Bh2 {[%emt 0:03:51]} e5 {[%emt 0:03:31]} 9. e4 {[%emt 0:01:40]} Nbd7 {[%emt 0:07:14]} 10. Be2 {[%emt 0:03:48]} a6 {[%emt 0:09:48]} 11. a4 {[%emt 0:00:33]} Rb8 {[%emt 0:01:27]} 12. Nd2 {[%emt 0:01:34]} Ne8 {[%emt 0:02:24]} 13. O-O {[%emt 0:00:19]} Nc7 {[%emt 0:03:57]} 14. Nc4 {[%emt 0:00:24]} Bb7 {[%emt 0:08:34]} 15. f4 {[%emt 0:09:32]} f6 {[%emt 0:04:44]} 16. Ne3 {[%emt 0:08:10]} exf4 {[%emt 0:04:18]} 17. Bxf4 {[%emt 0:00:08]} Ne5 {[%emt 0:00:45]} 18. Nf5 {[%emt 0:00:59]} Bc8 {[%emt 0:02:07]} 19. Qe1 {[%emt 0:04:45]} Bxf5 {[%emt 0:05:27]} 20. exf5 {[%emt 0:00:03]} Qd7 {[%emt 0:01:14]} 21. Bg3 {[%emt 0:05:42]} Rfe8 {[%emt 0:05:13]} 22. Bh5 {[%emt 0:02:21]} Nf7 {[%emt 0:01:42]} 23. Bxf7+ {[%emt 0:02:09]} Kxf7 {[%emt 0:00:16]} 24. Qe6+ {[%emt 0:00:09]} Qxe6 {[%emt 0:01:07]} 25. dxe6+ {[%emt 0:00:02]} Kf8 {[%emt 0:00:54]} 26. Ne4 {[%emt 0:00:22]} Red8 {[%emt 0:01:26]} 27. a5 {[%emt 0:00:13]} Ne8 {[%emt 0:02:07]} 28. axb6 {[%emt 0:00:51]} Rxb6 {[%emt 0:00:12]} 29. b3 {[%emt 0:00:04]} d5 {[%emt 0:01:25]} 30. Nc3 {[%emt 0:00:35]} g6 {[%emt 0:01:36]} 31. Rad1 {[%emt 0:09:27]} d4 {[%emt 0:02:40]} 32. Ne4 {[%emt 0:13:27]} gxf5 {[%emt 0:00:33]} 33. Rxf5 {[%emt 0:00:01]} Rxe6 {[%emt 0:00:59]} 34. Nxc5 {[%emt 0:00:38]} Rc6 {[%emt 0:01:24]} 35. b4 {[%emt 0:00:44]} Bxc5 {[%emt 0:01:45]} 36. bxc5 {[%emt 0:00:01]} Rdc8 {[%emt 0:00:29]} 37. Be1 {[%emt 0:01:15]} Kf7 {[%emt 0:01:06]} 38. Bb4 {[%emt 0:00:58]} a5 {[%emt 0:00:47]} 39. Ba3 {[%emt 0:00:16]} Nc7 {[%emt 0:01:35]} 40. Rb1 {[%emt 0:02:16]} Ne6 {[%emt 0:00:21]} 41. Rb5 {[%emt 0:00:26]} Ra8 {[%emt 0:00:33]} 42. Rd5 {[%emt 0:00:20]} a4 {[%emt 0:00:47]} 43. Rb7+ {[%emt 0:01:12]} Kg6 {[%emt 0:00:21]} 44. Rd6 {[%emt 0:00:34]} Rac8 {[%emt 0:00:28]} 45. Rb6 {[%emt 0:02:42]} Rxd6 {[%emt 0:00:11]} 46. cxd6 {[%emt 0:00:02]} Rxc2 {[%emt 0:01:14]} 47. d7 {[%emt 0:00:12]} d3 {[%emt 0:00:24]} 48. Rxe6 {[%emt 0:00:10]} d2 {[%emt 0:00:23]} 49. d8=Q {[%emt 0:00:09]} Rc1+ {[%emt 0:00:28]} 50. Kh2 {[%emt 0:00:05]} d1=Q {[%emt 0:00:17]} 51. Qxf6+ {[%emt 0:00:08]} Kh5 {[%emt 0:00:15]} 52. Re5# {[%emt 0:00:06]} 1-0

[Event "10th Sharjah Cup Women 2020"]
[Site "Sharjah"]
[Date "2020.01.05"]
[Round "2.6"]
[White "Al Maamari, Wafia Darwish"]
[Black "Zimina, Olga"]
[Result "0-1"]
[WhiteElo "1866"]
[BlackElo "2367"]
[Annotator "ChessBase"]
[PlyCount "86"]
[EventDate "2020.01.04"]
[EventType "swiss"]
[EventCountry "UAE"]
[SourceTitle "playchess.com"]
[Source "ChessBase"]
[SourceQuality "1"]
[TimeControl "5400+30"]

1. e4 {[%emt 0:00:00]} e6 {[%emt 0:00:00]} 2. d4 {[%emt 0:00:00]} d5 {[%emt 0:00:00]} 3. Bd3 {[%emt 0:00:55]} dxe4 {[%emt 0:00:59]} 4. Bxe4 {[%emt 0:00:07]} Nf6 {[%emt 0:00:12]} 5. Bf3 {[%emt 0:00:28]} c5 {[%emt 0:00:27]} 6. dxc5 {[%emt 0:02:41]} Qxd1+ {[%emt 0:00:11]} 7. Bxd1 {[%emt 0:00:15]} Bxc5 {[%emt 0:00:07]} 8. Nc3 {[%emt 0:01:04]} Nc6 {[%emt 0:01:25]} 9. Nf3 {[%emt 0:01:36]} b6 {[%emt 0:05:29]} 10. a3 {[%emt 0:07:23]} Bb7 {[%emt 0:00:35]} 11. b4 {[%emt 0:01:04]} Be7 {[%emt 0:00:58]} 12. O-O {[%emt 0:07:44]} O-O {[%emt 0:01:28]} 13. Bb2 {[%emt 0:01:06]} Rfd8 {[%emt 0:02:34]} 14. Be2 {[%emt 0:00:56]} a5 {[%emt 0:01:17]} 15. b5 {[%emt 0:02:52]} Nd4 {[%emt 0:00:57]} 16. Nxd4 {[%emt 0:01:03]} Rxd4 {[%emt 0:00:02]} 17. Rad1 {[%emt 0:01:04]} Rxd1 {[%emt 0:05:03]} 18. Rxd1 {[%emt 0:00:07]} Rc8 {[%emt 0:00:16]} 19. Bd3 {[%emt 0:04:00]} Bxa3 {[%emt 0:03:48]} 20. Bxa3 {[%emt 0:02:29]} Rxc3 {[%emt 0:00:06]} 21. Bb2 {[%emt 0:03:42]} Rc8 {[%emt 0:02:44]} 22. Bd4 {[%emt 0:04:34]} Nd7 {[%emt 0:02:32]} 23. Be3 {[%emt 0:02:34]} Rc7 {[%emt 0:05:30]} 24. Bf1 {[%emt 0:03:24]} Kf8 {[%emt 0:00:18]} 25. c4 {[%emt 0:01:57]} Ke7 {[%emt 0:00:20]} 26. f3 {[%emt 0:00:38]} Nc5 {[%emt 0:00:49]} 27. Kf2 {[%emt 0:00:54]} f6 {[%emt 0:07:10]} 28. Bd3 {[%emt 0:03:20]} Nxd3+ {[%emt 0:04:50]} 29. Rxd3 {[%emt 0:00:09]} Rxc4 {[%emt 0:00:04]} 30. Bxb6 {[%emt 0:00:14]} a4 {[%emt 0:00:08]} 31. Bd8+ {[%emt 0:02:14]} Ke8 {[%emt 0:01:12]} 32. b6 {[%emt 0:00:14]} a3 {[%emt 0:03:50]} 33. Bc7 {[%emt 0:00:40]} Ra4 {[%emt 0:01:36]} 34. Rd1 {[%emt 0:00:33]} a2 {[%emt 0:00:16]} 35. Ra1 {[%emt 0:00:05]} Bd5 {[%emt 0:00:32]} 36. Bd6 {[%emt 0:04:02]} Ra5 {[%emt 0:02:18]} 37. Bb4 {[%emt 0:01:22]} Rb5 {[%emt 0:00:06]} 38. Bc3 {[%emt 0:00:07]} Rxb6 {[%emt 0:01:05]} 39. Ke3 {[%emt 0:00:38]} Kd7 {[%emt 0:00:58]} 40. Kd4 {[%emt 0:00:15]} Rb1 {[%emt 0:00:34]} 41. h3 {[%emt 0:00:20]} Kc6 {[%emt 0:00:08]} 42. Kd3 {[%emt 0:00:14]} e5 {[%emt 0:00:20]} 43. Kc2 {[%emt 0:00:19]} Bb3+ {[%emt 0:00:16]} 0-1

[Event "10th Sharjah Cup Women 2020"]
[Site "Sharjah"]
[Date "2020.01.05"]
[Round "2.7"]
[White "Khukhashvili, Sopiko"]
[Black "Greibrokk, Ingrid"]
[Result "1-0"]
[WhiteElo "2343"]
[BlackElo "1855"]
[Annotator "TA"]
[PlyCount "73"]
[EventDate "2020.01.04"]
[EventType "swiss"]
[EventCountry "UAE"]
[SourceTitle "playchess.com"]
[Source "ChessBase"]
[SourceQuality "1"]

{[%evp 15,73,0,20,24,39,33,64,42,39,25,31,29,24,33,61,60,73,15,22,19,41,0,87,85,102,-44,68,79,89,0,512,504,539,534,513,516,522,503,456,459,747,738,1412,1364,29987,29988,29988,29989,29995,29996,29996,29997,29997,29998,29998,29996,29996,29997,29998,29999]} 1. e4 c5 2. Nf3 d6 3. d4 cxd4 4. Qxd4 Nc6 5. Bb5 Bd7 6. Bxc6 Bxc6 7. Nc3 Nf6 8. Bg5 Nd7 9. O-O-O {B53: Sicilian: 2...d6: Lines with Qxd4} Qb6 (9... h6 10. Bh4 e5 11. Qd3 Qa5 12. Nd2 Nc5 13. Qe2 Na4 14. Nxa4 Qxa4 15. Kb1 Rc8 16. c4 Bd7 {0-1 (49) Sepulveda Rojas,J (2224)-Henriquez Villagra,C (2504) Quilpue 2018}) 10. Qd2 g6 11. Be3 {White is slightly better.} Qa5 12. Bd4 e5 $146 ({Predecessor:} 12... Rg8 13. Kb1 Nc5 14. Ne1 Ne6 15. Be3 Bg7 16. f3 Rc8 {½-½ (62) Salem,A (2051)-Ahmad,A (1786) Ajman 2019}) 13. Be3 b5 14. Kb1 $36 {[%mdl 2048] White has good play.} b4 15. Nd5 Bxd5 16. exd5 (16. Qxd5 $16 Qxd5 17. Rxd5) 16... Bg7 $11 17. h4 Nb6 18. b3 Kd7 (18... h6 $1 $11 {remains equal.}) 19. Ng5 f5 20. a4 (20. f4 $16) 20... f4 ({Better is} 20... Nxa4 $15 21. bxa4 Qxa4) 21. Bxb6 $1 $14 axb6 22. Qe2 (22. Ne6 $16) 22... h5 $2 {[%mdl 8192]} (22... b5 $1 $11 {and Black is okay.}) 23. Qd3 $18 e4 24. Qh3+ Kc7 {intending ...b5.} 25. Ne6+ Kb8 26. Nxg7 b5 27. Qd7 {Ne6 is the strong threat.} bxa4 (27... Rd8 $142 28. Qxb5+ Qxb5 29. axb5 Rd7) 28. Qxd6+ {[%mdl 64] [#] Double Attack} Kb7 29. Rd4 {[%cal Bd1d4,Bd4b4,Bb4b7][%mdl 32]} axb3 30. Rxb4+ {White mates.} Kc8 31. Qc6+ Kd8 32. Ne6+ {[%mdl 64] [#] Double Attack} Ke7 33. Rb7+ Kf6 34. Ng5+ Ke5 35. Qe6+ Kd4 36. Rd1+ Kc3 37. Qc6+ {Accuracy: White = 57%, Black = 36%.} 1-0

[Event "10th Sharjah Cup Women 2020"]
[Site "Sharjah"]
[Date "2020.01.05"]
[Round "2.8"]
[White "Jalaluldeen, Kareen Kamal J."]
[Black "Radeva, Viktoria"]
[Result "1/2-1/2"]
[WhiteElo "1784"]
[BlackElo "2338"]
[Annotator "ChessBase"]
[PlyCount "69"]
[EventDate "2020.01.04"]
[EventType "swiss"]
[EventCountry "UAE"]
[SourceTitle "playchess.com"]
[Source "ChessBase"]
[SourceQuality "1"]
[TimeControl "5400+30"]

1. d4 {[%emt 0:00:00]} d5 {[%emt 0:00:00]} 2. c4 {[%emt 0:00:00]} e6 {[%emt 0:00:00]} 3. cxd5 {[%emt 0:00:01]} exd5 {[%emt 0:00:00]} 4. Nc3 {[%emt 0:00:20]} c6 {[%emt 0:00:18]} 5. Qc2 {[%emt 0:00:16]} Bd6 {[%emt 0:09:45]} 6. Nf3 {[%emt 0:02:51]} Bg4 {[%emt 0:11:17]} 7. Bg5 {[%emt 0:14:33]} Ne7 {[%emt 0:10:25]} 8. e3 {[%emt 0:04:44]} Qc7 {[%emt 0:05:14]} 9. Bd3 {[%emt 0:06:18]} Ng6 {[%emt 0:08:15]} 10. Nh4 {[%emt 0:17:44]} Nxh4 {[%emt 0:12:58]} 11. Bxh4 {[%emt 0:00:09]} h6 {[%emt 0:01:57]} 12. Bg3 {[%emt 0:02:00]} Bxg3 {[%emt 0:02:27]} 13. hxg3 {[%emt 0:01:01]} Qd6 {[%emt 0:01:25]} 14. Rb1 {[%emt 0:02:44]} Nd7 {[%emt 0:02:12]} 15. b4 {[%emt 0:01:43]} O-O {[%emt 0:04:01]} 16. O-O {[%emt 0:04:55]} Rac8 {[%emt 0:04:59]} 17. Qb3 {[%emt 0:00:54]} Nf6 {[%emt 0:02:43]} 18. b5 {[%emt 0:15:39]} b6 {[%emt 0:09:01]} 19. bxc6 {[%emt 0:03:23]} Rxc6 {[%emt 0:01:46]} 20. Rbc1 {[%emt 0:02:32]} Rfc8 {[%emt 0:05:31]} 21. Bb5 {[%emt 0:02:06]} R6c7 {[%emt 0:05:02]} 22. Ba6 {[%emt 0:00:09]} Qd7 {[%emt 0:00:24]} 23. Bxc8 {[%emt 0:00:31]} Qxc8 {[%emt 0:00:04]} 24. Qb2 {[%emt 0:01:47]} Rc4 {[%emt 0:00:42]} 25. Nb5 {[%emt 0:02:38]} Qd7 {[%emt 0:00:11]} 26. Na3 {[%emt 0:02:15]} Ra4 {[%emt 0:00:39]} 27. Nb5 {[%emt 0:02:58]} Rc4 {[%emt 0:00:50]} 28. Rxc4 {[%emt 0:01:08]} dxc4 {[%emt 0:00:01]} 29. Rc1 {[%emt 0:00:38]} Be6 {[%emt 0:01:30]} 30. Na3 {[%emt 0:01:19]} Qa4 {[%emt 0:00:05]} 31. Nb5 {[%emt 0:01:36]} Ne4 {[%emt 0:01:06]} 32. Nc3 {[%emt 0:00:40]} Nxc3 {[%emt 0:00:04]} 33. Qxc3 {[%emt 0:03:39]} Qxa2 {[%emt 0:00:03]} 34. e4 {[%emt 0:00:09]} b5 {[%emt 0:00:51]} 35. d5 {[%emt 0:00:17]} 1/2-1/2